000 00682nam a2200217 a 4500
005 20240228064318.0
008 171019s2002 mx r 000 0 spa d
020 _a8484700356
035 _aUPN01000221140
049 _aI
050 4 _aRG525.5
_bT4.7
100 1 _aTeulade, Pascal,
_d1960-
_941310
245 1 0 _aSemilla de amor /
_cPascal Teulade. ; il. Jean-Charles Sarrazin ; tr. Julia Vinent.
260 _aBarcelona, Esp. :
_bCorimbo,
_c2002.
300 _a29 p. :
_bil. col.
534 _aTítulo original:
_bGraine d'amour
650 4 _aEMBARAZO -
_vLITERATURA INFANTIL
_916051
650 4 _aLibros y lectura para niños
_92290
905 _aInfantil
999 _c193239
_d193239